| 000 | 00961cam a22003011 4500 | ||
|---|---|---|---|
| 001 | 24470 | ||
| 003 | BD-RjUL | ||
| 005 | 20211209001044.0 | ||
| 008 | 140313r19281960N 001 0 eng d | ||
| 035 | _a(BD-RjUL)24537 | ||
| 035 | _a(OCoLC)401761 | ||
| 040 |
_aDLC _cODaWU _dUk _dBD-RjUL _beng |
||
| 041 | _aeng | ||
| 082 |
_a942.08 _bBUH 1963 |
||
| 100 | 1 |
_aButler, J. R. M. _q(James Ramsay Montagu), _d1889- _975329 |
|
| 245 | 1 | 2 | _aA history of England, 1815-1939 / |
| 250 | _a2d ed. | ||
| 260 |
_aLondon ; _aNew York : _bOxford University Press, _c1928 [Reprinted 1960]. |
||
| 300 |
_a278 p. ; _c16 cm. |
||
| 500 | _aIncludes index. | ||
| 650 |
_aGreat Britain History _975330 |
||
| 651 | 0 |
_aGreat Britain _xHistory _y19th century. _975331 |
|
| 651 | 0 |
_aGreat Britain _xHistory _y20th century. _917470 |
|
| 942 |
_2ddc _cBK |
||
| 999 |
_c24470 _d24470 |
||